Normal view MARC view
  • Kashan Ahmad (00000205207)

Entry Personal Name

Number of records used in: 1

001 - CONTROL NUMBER

  • control field: 116605

003 - CONTROL NUMBER IDENTIFIER

  • control field: NUST

005 - DATE AND TIME OF LATEST TRANSACTION

  • control field: 20230912170013.0

008 - FIXED-LENGTH DATA ELEMENTS

  • fixed length control field: 230912|| aca||aabn | a|a d

040 ## - CATALOGING SOURCE

  • Original cataloging agency: NUST
  • Transcribing agency: NUST

100 ## - HEADING--PERSONAL NAME

  • Personal name: Kashan Ahmad (00000205207)

670 ## - SOURCE DATA FOUND

  • Source citation: Work cat.: (NUST): Kashan Ahmad (00000205207), Polymer gel Matrix based Quasi-solid electrolytes for stable dye-Sensitized Solar Cells (DSSCs) /, 2021
© 2023 Central Library, National University of Sciences and Technology. All Rights Reserved.